Textbook of microbiology (Record no. 395807)

MARC details
000 -LEADER
fixed length control field 00441 a2200181 4500
005 - DATE & TIME
control field 20260317090425.0
008 - FIXED-LENGTH DATA ELEMENTS--GENERAL INFORMATION
fixed length control field 260316b |||||||| |||| 00| 0 eng d
020 ## - ISBN
International Standard Book Number 9789363636026
Price Rs. 795.00
040 ## - CATALOGING SOURCE
Original cataloging agency VIVEKANANDA LIBRARY
082 ## - DDC NUMBER
Classification number 576
Book Number K968T
100 ## - MAIN ENTRY--PERSONAL NAME
Personal name Khushwa, A K
245 ## - TITLE STATEMENT
Title Textbook of microbiology
260 ## - PUBLICATION, DISTRIBUTION, ETC. (IMPRINT)
Name of publisher, distributor, etc Medtech
Date of publication, distribution, etc 2026
Place of publication, distribution, etc New Delhi
300 ## - PHYSICAL DESCRIPTION
Pages xiii, 360
650 ## - Subject
Subject Microbiology
650 ## - Subject
Subject Microscopy
942 ## - ADDED ENTRY ELEMENTS (KOHA)
Koha item type Books
Holdings
Withdrawn status Lost status Source of classification or shelving scheme Damaged status Not for loan Location (home branch) Sublocation or collection (holding branch) Shelving location Date acquired Koha issues (times borrowed) Koha full call number Accession No. Koha date last seen Koha item type
    Dewey Decimal Classification     VIVEKANANDA LIBRARY VIVEKANANDA LIBRARY Vivekananda Library 17/02/2026   576 K968T 438312 17/02/2026 Books
© Designed and Maintained by Vivekananda Library, MDU Rohtak